Modi@success India : (Record no. 169210)

MARC details
000 -LEADER
fixed length control field 00624nam a2200181 4500
005 - DATE AND TIME OF LATEST TRANSACTION
control field 20191108114545.0
010 ## - LCCN (DPL NO)
LC control number ENG-126866
020 ## - INTERNATIONAL STANDARD BOOK NUMBER
International Standard Book Number 9789352668790
Terms of availability 500.00
035 ## - SYSTEM CONTROL NUMBER
System control number EN-110398
037 ## - SOURCE OF ACQUISITION
Source of stock number/acquisition DBAD/PUB
082 ## - DEWEY DECIMAL CLASSIFICATION NUMBER
Classification number 954
100 ## - MAIN ENTRY--PERSONAL NAME
Personal name Saini, Renu
245 ## - TITLE STATEMENT
Title Modi@success India :
Statement of responsibility, etc by William Walker Atkinson
Remainder of title 101 inspiring stories from the life of prime minister Narendra Modi /
260 ## - PUBLICATION, DISTRIBUTION, ETC. (IMPRINT)
Place of publication, distribution, etc Delhi
Name of publisher, distributor, etc Prabhat Prakashan
Date of publication, distribution, etc 2018
270 ## - ADDRESS
Address 4/19, Asaf Ali Road, New Delhi
City New Delhi
Postal code 110002
Telephone number 011-23289777
Electronic mail address prabhatbooks@gmail.com
300 ## - PHYSICAL DESCRIPTION
Extent 255p.
Dimensions 22cm(Hb)
942 ## - ADDED ENTRY ELEMENTS (KOHA)
Source of classification or shelving scheme Dewey Decimal Classification
Item type English Books
Classification part 954
Call number suffix SAI
Holdings
Withdrawn status Lost status Not for loan Collection code Home library Current library Date acquired Source of acquisition Cost, normal purchase price Full call number Barcode Copy number Cost, replacement price Koha item type
      Non-fiction Sarojini Nagar Sarojini Nagar 08/11/2019 DBAD/PUB 500.00 954 SAI EN-110398 1 500.00 English Books

© Delhi Public Library
Hit Counter
free hit counter